000 00948nas a2200301 4500
001 BR0807785
003 BR-BrBNA
005 20231205112731.0
007 ta
008 230509b bl.|||p| |||| 00| 00por d
040 _aBR-BrBNA
_bpor
_cBiblioteca Nacional de Agricultura
041 _a(En)
072 _aF60
100 1 _aCosta, E.S.
100 1 _aSmith, R.B.
100 1 _aOliveira, J.G. de
100 1 _aCampostrini, E.
100 1 _aPimentel, C.
245 1 _aPhotochemical efficiency in bean plants (Phaseolus vulgaris L. and Vigna unguiculata L. Walp)during recorvery from high temperature stress
650 _aFEIJÃO
650 _aBIOLOGIA VEGETAL
650 _aFISIOLOGIA VEGETAL
650 _aESTRESSE
650 _aTEMPERATURA
773 0 _tBrazilian Journal of Plant Physiology (Brazil)
_xISSN 1677-0420
_g(2002), v. 14(2) p. 105-110
_wBR0807785
909 _a202311
_bLúcia
_c55
_dLúcia Elande
942 _2AGRIS
_n0
_cANA
999 _c199663
_d199663